Statistics for 国家地图上的首都在哪里?

Click here to take the quiz!

General Stats

  • This quiz has been taken 1 072 times
  • The average score is 12 of 15

Answer Stats

QuestionAnswer% Correct
中国的首都在哪里?
98%
日本的首都在哪里?
92%
法国的首都在哪里?
87%
印度的首都在哪里?
87%
澳大利亚的首都在哪里?
87%
巴西的首都在哪里?
81%
德国的首都在哪里?
80%
埃及的首都在哪里?
80%
英国的首都在哪里?
80%
美国的首都在哪里?
78%
土耳其的首都在哪里?
75%
西班牙的首都在哪里?
74%
瑞典的首都在哪里?
65%
加拿大的首都在哪里?
62%
摩洛哥的首都在哪里?
40%

Score Distribution

Percentile by Number Answered

Percent of People with Each Score

Your Score History

You have not taken this quiz